British Overseas Territories Capitals - Statistics

General Stats
  • This quiz has been taken 33 times
  • The average score is 8 of 11
Answer Stats
Territory Capital % Correct
Gibraltar Gibraltar
95%
Bermuda Hamilton
91%
Falkland Islands Stanley
91%
Pitcairn Islands Adamstown
86%
Turks and Caicos Islands Cockburn Town
82%
Cayman Islands George Town
77%
Saint Helena, Ascension and Tristan da Cunha Jamestown
73%
British Virgin Islands Road Town
73%
Anguilla The Valley
55%
South Georgia and the South Sandwich Islands King Edward Point
32%
Akrotiri and Dhekelia Episkopi Cantonment
27%
No matching quizzes found
Score Distribution
Percent of People with Each Score
Percentile by Number Answered
Your Score History
You have not taken this quiz